LEADER 02506nam2-2200409---450- 001 990005958830203316 005 20151008113957.0 010 $a978-92-9241-298-2 035 $a000595883 035 $aUSA01000595883 035 $a(ALEPH)000595883USA01 035 $a000595883 100 $a20140730d2013----km-y0itaa50------ba 101 0 $aita 102 $aLU 105 $a||||||||001yy 200 1 $aMisure per la diversificazione dell'economia rurale: gli Stati membri e la Commissione hanno conseguito un rapporto costi-benefici ottimale?$fCorte dei conti europea 210 $aLussemburgo$cUfficio delle pubblicazioni dell'Unione europea$d2013 215 $a74 p.$cill.$d30 cm 225 2 $aRelazione speciale$v6/2013 330 $aLa diversificazione dell?economia rurale è essenziale per la crescita economica e occupazionale nonché per lo sviluppo sostenibile delle zone rurali. La relazione giunge alla conclusione che la Commissione e gli Stati membri sono riusciti, solo in misura limitata, a conseguire con il finanziamento delle misure per la diversificazione dell?economia rurale un rapporto costi-benefici ottimale. Ciò è dovuto alla mancanza di una chiara dimostrazione della necessità del sostegno, all?assenza di obiettivi specifici e all?utilizzo di criteri di ammissibilità e di selezione troppo generici. Gli Stati membri non hanno adottato misure adeguate per attenuare i rischi di effetto inerziale, di spiazzamento e di spesa eccessiva, dando luogo ad un impiego inefficiente delle risorse. La Corte formula una serie di raccomandazioni per aiutare la Commissione e gli Stati membri a porre rimedio a tali debolezze. [Ed.] 410 0$1001000351941$aRelazione speciale 606 0 $aZone rurali$xSviluppo economico$yPaesi dell'Unione europea$2BNCF 676 $a338.181094 699 $a14.04$bEconomia rurale 710 02$aCorte dei conti europea$0541549 801 0$aIT$bsalbc$gISBD 856 4 $uhttp://bookshop.europa.eu/uri?target=EUB:NOTICE:QJAB13008:IT:HTML$4.$zAccesso libero online 912 $a990005958830203316 951 $aCDE 14.04 (XXXII)$bCDE 3035$cCDE 14.04$d00140592 959 $aBK 969 $aCDE 979 $aMARIAS$b90$c20140730$lUSA01$h1022 979 $aMARIAS$b90$c20140730$lUSA01$h1025 979 $aMARIAS$b90$c20151008$lUSA01$h1139 996 $aMisure per la diversificazione dell'economia rurale: gli Stati membri e la Commissione hanno conseguito un rapporto costi-benefici ottimale$91071127 997 $aUNISA LEADER 01072nam0-2200313 --450 001 9910558999403321 005 20220427090828.0 010 $a978-88-916-3639-3 100 $a20220427d2019----kmuy0itay5050 ba 101 0 $aita 102 $aIT 105 $a 001yy 200 1 $aImprenditore agricolo professionale (IAP), società agricola e agriturismo$eguida pratica e formulario$fCinzia De Stefanis, Antonio Quercia, Caterina Dell'Erba 205 $a7. ed. 210 $aSantarcangelo di Romagna$cMaggioli$d2019 215 $a504 p.$d24 cm 225 1 $aProfessionisti & imprese$v62 300 $aOnline: formulario personalizzabile 676 $a343.45076$v23$zita 700 1$aDe Stefanis,$bCinzia$0267953 701 1$aQuercia,$bAntonio$0524401 701 1$aDell'Erba,$bCaterina$0746932 801 0$aIT$bUNINA$gREICAT$2UNIMARC 901 $aBK 912 $a9910558999403321 952 $aVIII H 850$b2019/1092$fFGBC 959 $aFGBC 996 $aImprenditore agricolo professionale (IAP), società agricola e agriturismo$92833113 997 $aUNINA